Le Roman jusqu'à la Révolution (notice n° 1567287)

détails MARC
000 -LEADER
fixed length control field 01714cam a2200133 4500500
005 - DATE AND TIME OF LATEST TRANSACTION
control field 20251214002642.0
041 ## - LANGUAGE CODE
Language code of text/sound track or separate title fre
042 ## - AUTHENTICATION CODE
Authentication code dc
100 10 - MAIN ENTRY--PERSONAL NAME
Personal name Coulet, Henri
Relator term author
245 00 - TITLE STATEMENT
Title Le Roman jusqu'à la Révolution
260 ## - PUBLICATION, DISTRIBUTION, ETC.
Name of publisher, distributor, etc. Armand Colin,<br/>
Date of publication, distribution, etc. 2014.<br/>
520 ## - SUMMARY, ETC.
Summary, etc. Une histoire générale du roman français des origines à la Révolution a longtemps fait défaut : du moins jusqu’en 1967 quand Henri Coulet répondit à ce manque avec la parution de cet ouvrage qui connut depuis neuf nouvelles éditions. L’auteur permit ainsi à de nombreuses générations d’étudiants et d’amateurs de connaître ou de mieux apprécier Nicolas de Troyes, Helisenne de Crenne, Honoré d’Urfé, Sorel, Gomberville, Segrais, Courtilz de Sandras, Marivaux, Prévost, Crébillon, Marmontel, Restif de la Bretonne et beaucoup d’autres encore… Dans une perspective historique, l’auteur déploie, du XIIe siècle au XVIIIe les différentes phases du roman avec une attention particulière aux romans du XVIIIe auxquels il ne consacre pas moins de trois chapitres. Au fil de ce panorama, à l’intérieur d’un courant ou au cœur d’une période, Henri Coulet s’attache aussi à définir et représenter les sous-genres, comme par exemple le roman héroïque, sentimental, les histoires tragiques, etc., en les inscrivant dans les poétiques et pratiques sociales particulières de leurs temps. L’ouvrage est enrichi d’un index des œuvres romanesques et des noms d’auteurs, précieux donc pour l’étudiant à la recherche d’une œuvre ou d’un auteur précis.
856 41 - ELECTRONIC LOCATION AND ACCESS
Uniform Resource Identifier <a href="https://shs.cairn.info/le-roman-jusqu-a-la-revolution--9782200291549?lang=fr&redirect-ssocas=7080">https://shs.cairn.info/le-roman-jusqu-a-la-revolution--9782200291549?lang=fr&redirect-ssocas=7080</a>

Pas d'exemplaire disponible.

PLUDOC

PLUDOC est la plateforme unique et centralisée de gestion des bibliothèques physiques et numériques de Guinée administré par le CEDUST. Elle est la plus grande base de données de ressources documentaires pour les Étudiants, Enseignants chercheurs et Chercheurs de Guinée.

Adresse

627 919 101/664 919 101

25 boulevard du commerce
Kaloum, Conakry, Guinée

Réseaux sociaux

Powered by Netsen Group @ 2025